000 01317nkm a2200277 i 4500
001 3096
003 ES-MaACL
005 20251003185409.0
007 khrbo
008 041117s1982 sp --- g |001||spa d
100 0 _aAlfonso,
_d1902-1990
_919858
245 1 0 _aConcierto musical de la soprano Pura María Martínez y el pianista Rogelio Gavilanes [
_hFotografía] /
_cAlfonso (sello).
260 _a[S.l. :
_bs.n.],
_c1982.
300 _a3 fot. :
_bb. y n. ;
_c11,5 x 18 cm.
500 _aDatos basados en invitación.
511 0 _aIntervienen: Pura María Martínez, Rogelio Gavilanes.
518 _aActo organizado por la Sección de Música del Ateneo de Madrid en colaboración con la Asociación de Compositores Sinfónicos Españoles, celebrado en el salón de actos el viernes 11 de junio de 1982, a las 19:30 h.
600 0 4 _aMartínez, Pura María,
_d1944-
_977798
600 1 4 _aRodríguez Gavilanes, Rogelio.
_998550
610 2 4 _aAteneo de Madrid-
_xActos culturales-
_y1982-
_vFotografías.
_91894
710 2 _aAteneo de Madrid.
_bSección de Música.
_92004
710 2 _aAsociación de Compositores Sinfónicos Españoles.
_91573
852 _aES-MaACL
_jFOT 41/1982
856 4 _uhttp://www.ateneodemadrid.net/biblioteca_digital/imagenes/1982/0041-1982.jpg
_zVer imagen
999 _c3096
_d3096